<?xml version="1.0" encoding="UTF-8"?>
<collection xmlns="http://www.loc.gov/MARC21/slim">
 <record>
  <leader>02514nam a22003017a 4500</leader>
  <controlfield tag="001">NCT_16278</controlfield>
  <controlfield tag="008">171014b        xxu||||| |||| 00| 0 vie d</controlfield>
  <datafield tag="999" ind1=" " ind2=" ">
   <subfield code="c">772</subfield>
   <subfield code="d">772</subfield>
  </datafield>
  <datafield tag="082" ind1="1" ind2="4">
   <subfield code="2">23rd ed.</subfield>
   <subfield code="a">724</subfield>
   <subfield code="b">H407/T.2</subfield>
  </datafield>
  <datafield tag="100" ind1="1" ind2=" ">
   <subfield code="a">Đặng Thái Hoàng</subfield>
   <subfield code="e">Chủ biên</subfield>
  </datafield>
  <datafield tag="245" ind1="1" ind2="0">
   <subfield code="a">Giáo trình lịch sử kiến trúc thế giới :</subfield>
   <subfield code="b">Thế kỷ XIX - Thế kỷ XX</subfield>
   <subfield code="n">Tập 2</subfield>
   <subfield code="c">Đặng Thái Hoàng, Nguyễn Văn Đỉnh (chủ biên)</subfield>
  </datafield>
  <datafield tag="250" ind1=" " ind2=" ">
   <subfield code="a">Tái bản</subfield>
  </datafield>
  <datafield tag="260" ind1=" " ind2=" ">
   <subfield code="a">H.</subfield>
   <subfield code="b">Xây dựng</subfield>
   <subfield code="c">2015</subfield>
  </datafield>
  <datafield tag="520" ind1="3" ind2=" ">
   <subfield code="a">Giới thiệu lịch sử phát triển của các nền kiến trúc từ thế kỷ 19 đến thế kỷ 20 như kiến trúc phương Tây thế kỉ 19, kiến trúc thế giới đầu thế kỉ 20, cao trào kiến trúc hiện đại giữa hai cuộc đại chiến...</subfield>
  </datafield>
  <datafield tag="653" ind1=" " ind2=" ">
   <subfield code="a">Kiến trúc</subfield>
  </datafield>
  <datafield tag="655" ind1=" " ind2=" ">
   <subfield code="a">Kiến trúc</subfield>
  </datafield>
  <datafield tag="700" ind1="1" ind2=" ">
   <subfield code="a">Nguyễn Văn Đỉnh </subfield>
   <subfield code="e">Chủ biên</subfield>
  </datafield>
  <datafield tag="942" ind1=" " ind2=" ">
   <subfield code="2">ddc</subfield>
   <subfield code="c">BK</subfield>
  </datafield>
  <datafield tag="952" ind1=" " ind2=" ">
   <subfield code="0">0</subfield>
   <subfield code="1">0</subfield>
   <subfield code="2">ddc</subfield>
   <subfield code="4">0</subfield>
   <subfield code="6">724_000000000000000_H407_T_2</subfield>
   <subfield code="7">0</subfield>
   <subfield code="9">9749</subfield>
   <subfield code="a">000001</subfield>
   <subfield code="b">000001</subfield>
   <subfield code="d">2018-06-06</subfield>
   <subfield code="o">724 H407/T.2</subfield>
   <subfield code="p">MD.08580</subfield>
   <subfield code="r">2018-06-06</subfield>
   <subfield code="v">140000.00</subfield>
   <subfield code="w">2018-06-06</subfield>
   <subfield code="y">BK</subfield>
  </datafield>
  <datafield tag="952" ind1=" " ind2=" ">
   <subfield code="0">0</subfield>
   <subfield code="1">0</subfield>
   <subfield code="2">ddc</subfield>
   <subfield code="4">0</subfield>
   <subfield code="6">724_000000000000000_H407_T_2</subfield>
   <subfield code="7">0</subfield>
   <subfield code="9">9750</subfield>
   <subfield code="a">000001</subfield>
   <subfield code="b">000001</subfield>
   <subfield code="d">2018-06-06</subfield>
   <subfield code="l">1</subfield>
   <subfield code="o">724 H407/T.2</subfield>
   <subfield code="p">MD.08581</subfield>
   <subfield code="r">2020-09-18</subfield>
   <subfield code="s">2020-09-08</subfield>
   <subfield code="v">140000.00</subfield>
   <subfield code="w">2018-06-06</subfield>
   <subfield code="y">BK</subfield>
  </datafield>
  <datafield tag="952" ind1=" " ind2=" ">
   <subfield code="0">0</subfield>
   <subfield code="1">0</subfield>
   <subfield code="2">ddc</subfield>
   <subfield code="4">0</subfield>
   <subfield code="6">724_000000000000000_H407_T_2</subfield>
   <subfield code="7">0</subfield>
   <subfield code="9">9751</subfield>
   <subfield code="a">000001</subfield>
   <subfield code="b">000001</subfield>
   <subfield code="d">2018-06-06</subfield>
   <subfield code="o">724 H407/T.2</subfield>
   <subfield code="p">MD.08582</subfield>
   <subfield code="r">2018-06-06</subfield>
   <subfield code="v">140000.00</subfield>
   <subfield code="w">2018-06-06</subfield>
   <subfield code="y">BK</subfield>
  </datafield>
  <datafield tag="952" ind1=" " ind2=" ">
   <subfield code="0">0</subfield>
   <subfield code="1">0</subfield>
   <subfield code="2">ddc</subfield>
   <subfield code="4">0</subfield>
   <subfield code="6">724_000000000000000_H407_T_2</subfield>
   <subfield code="7">0</subfield>
   <subfield code="9">9752</subfield>
   <subfield code="a">000001</subfield>
   <subfield code="b">000001</subfield>
   <subfield code="d">2018-06-06</subfield>
   <subfield code="o">724 H407/T.2</subfield>
   <subfield code="p">MD.08583</subfield>
   <subfield code="r">2018-06-06</subfield>
   <subfield code="v">140000.00</subfield>
   <subfield code="w">2018-06-06</subfield>
   <subfield code="y">BK</subfield>
  </datafield>
  <datafield tag="952" ind1=" " ind2=" ">
   <subfield code="0">0</subfield>
   <subfield code="1">0</subfield>
   <subfield code="2">ddc</subfield>
   <subfield code="4">0</subfield>
   <subfield code="6">724_000000000000000_H407_T_2</subfield>
   <subfield code="7">0</subfield>
   <subfield code="9">9753</subfield>
   <subfield code="a">000001</subfield>
   <subfield code="b">000001</subfield>
   <subfield code="d">2018-06-06</subfield>
   <subfield code="o">724 H407/T.2</subfield>
   <subfield code="p">MD.08584</subfield>
   <subfield code="r">2018-06-06</subfield>
   <subfield code="v">140000.00</subfield>
   <subfield code="w">2018-06-06</subfield>
   <subfield code="y">BK</subfield>
  </datafield>
  <datafield tag="952" ind1=" " ind2=" ">
   <subfield code="0">0</subfield>
   <subfield code="1">0</subfield>
   <subfield code="2">ddc</subfield>
   <subfield code="4">0</subfield>
   <subfield code="6">724_000000000000000_H407_T_2</subfield>
   <subfield code="7">0</subfield>
   <subfield code="9">9754</subfield>
   <subfield code="a">000001</subfield>
   <subfield code="b">000001</subfield>
   <subfield code="d">2018-06-06</subfield>
   <subfield code="o">724 H407/T.2</subfield>
   <subfield code="p">MD.08585</subfield>
   <subfield code="r">2018-06-06</subfield>
   <subfield code="v">140000.00</subfield>
   <subfield code="w">2018-06-06</subfield>
   <subfield code="y">BK</subfield>
  </datafield>
  <datafield tag="952" ind1=" " ind2=" ">
   <subfield code="0">0</subfield>
   <subfield code="1">0</subfield>
   <subfield code="2">ddc</subfield>
   <subfield code="4">0</subfield>
   <subfield code="6">724_000000000000000_H407_T_2</subfield>
   <subfield code="7">0</subfield>
   <subfield code="9">9755</subfield>
   <subfield code="a">000001</subfield>
   <subfield code="b">000001</subfield>
   <subfield code="d">2018-06-06</subfield>
   <subfield code="l">1</subfield>
   <subfield code="o">724 H407/T.2</subfield>
   <subfield code="p">MD.08586</subfield>
   <subfield code="r">2019-12-12</subfield>
   <subfield code="s">2019-11-27</subfield>
   <subfield code="v">140000.00</subfield>
   <subfield code="w">2018-06-06</subfield>
   <subfield code="y">BK</subfield>
  </datafield>
  <datafield tag="952" ind1=" " ind2=" ">
   <subfield code="0">0</subfield>
   <subfield code="1">0</subfield>
   <subfield code="2">ddc</subfield>
   <subfield code="4">0</subfield>
   <subfield code="6">724_000000000000000_H407_T_2</subfield>
   <subfield code="7">0</subfield>
   <subfield code="9">9756</subfield>
   <subfield code="a">000001</subfield>
   <subfield code="b">000001</subfield>
   <subfield code="d">2018-06-06</subfield>
   <subfield code="o">724 H407/T.2</subfield>
   <subfield code="p">MD.08587</subfield>
   <subfield code="r">2018-06-06</subfield>
   <subfield code="v">140000.00</subfield>
   <subfield code="w">2018-06-06</subfield>
   <subfield code="y">BK</subfield>
  </datafield>
  <datafield tag="952" ind1=" " ind2=" ">
   <subfield code="0">0</subfield>
   <subfield code="1">0</subfield>
   <subfield code="2">ddc</subfield>
   <subfield code="4">0</subfield>
   <subfield code="6">724_000000000000000_H407_T_2</subfield>
   <subfield code="7">0</subfield>
   <subfield code="9">9757</subfield>
   <subfield code="a">000001</subfield>
   <subfield code="b">000001</subfield>
   <subfield code="d">2018-06-06</subfield>
   <subfield code="o">724 H407/T.2</subfield>
   <subfield code="p">MD.08588</subfield>
   <subfield code="r">2018-06-06</subfield>
   <subfield code="v">140000.00</subfield>
   <subfield code="w">2018-06-06</subfield>
   <subfield code="y">BK</subfield>
  </datafield>
  <datafield tag="980" ind1=" " ind2=" ">
   <subfield code="a">Thư viện Trường Đại học Nam Cần Thơ</subfield>
  </datafield>
 </record>
</collection>
